|
|
|
|
| LEADER |
00000cam a22000004a 4500 |
| 001 |
musev2_61699 |
| 003 |
MdBmJHUP |
| 005 |
20230905050348.0 |
| 006 |
m o d |
| 007 |
cr||||||||nn|n |
| 008 |
100626s1991 nyu o 00 0 eng d |
| 020 |
|
|
|a 9781501731884
|
| 020 |
|
|
|z 9780801475221
|
| 020 |
|
|
|z 9780801424595
|
| 035 |
|
|
|a (OCoLC)1132226801
|
| 040 |
|
|
|a MdBmJHUP
|c MdBmJHUP
|
| 100 |
1 |
|
|a Leftow, Brian,
|d 1956-
|
| 245 |
1 |
0 |
|a Time and Eternity /
|c Brian Leftow.
|
| 264 |
|
1 |
|a Ithaca, N.Y. :
|b Cornell University Press,
|c 1991.
|
| 264 |
|
3 |
|a Baltimore, Md. :
|b Project MUSE,
|c 2020
|
| 264 |
|
4 |
|c ©1991.
|
| 300 |
|
|
|a 1 online resource (392 pages).
|
| 336 |
|
|
|a text
|b txt
|2 rdacontent
|
| 337 |
|
|
|a computer
|b c
|2 rdamedia
|
| 338 |
|
|
|a online resource
|b cr
|2 rdacarrier
|
| 490 |
0 |
|
|a Cornell studies in the philosophy of religion
|
| 505 |
0 |
|
|a Some working assumptions -- The possibility of the timeless -- The logic of eternity -- Augustine: eternality as truest existence -- Boethius: eternity as duration -- The roots of eternity -- Boethius: Foreknowledge, eternity, and simultaneity -- Anselm: eternity and dimensionality -- A theory of time and eternity -- Timelessness, freedom, and foreknowledge -- A case for God's timelessness -- Timelessness and personhood -- Time, actuality, and omniscience -- Omniscience, change, and epistemic indexicals -- Timelessness and religious experience -- Vale et salve.
|
| 588 |
|
|
|a Description based on print version record.
|
| 650 |
|
7 |
|a Zeit
|2 gnd
|
| 650 |
|
7 |
|a Ewigkeit
|2 gnd
|
| 650 |
|
7 |
|a Time
|x Religious aspects
|x Christianity.
|2 fast
|0 (OCoLC)fst01151060
|
| 650 |
|
7 |
|a God (Christianity)
|x Eternity.
|2 fast
|0 (OCoLC)fst01765833
|
| 650 |
|
7 |
|a Eternity.
|2 fast
|0 (OCoLC)fst00915775
|
| 650 |
|
7 |
|a PHILOSOPHY
|x Metaphysics.
|2 bisacsh
|
| 650 |
|
6 |
|a Temps
|x Aspect religieux
|x Christianisme.
|
| 650 |
|
6 |
|a Éternite.
|
| 650 |
|
6 |
|a Dieu (Christianisme)
|x Éternite.
|
| 650 |
|
0 |
|a Time
|x Religious aspects
|x Christianity.
|
| 650 |
|
0 |
|a Eternity.
|
| 650 |
|
0 |
|a God (Christianity)
|x Eternity.
|
| 655 |
|
7 |
|a Electronic books.
|2 local
|
| 710 |
2 |
|
|a Project Muse.
|e distributor
|
| 830 |
|
0 |
|a Book collections on Project MUSE.
|
| 856 |
4 |
0 |
|z Texto completo
|u https://projectmuse.uam.elogim.com/book/61699/
|
| 945 |
|
|
|a Project MUSE - Custom Collection
|
| 945 |
|
|
|a Project MUSE - Archive Complete Supplement VIII
|
| 945 |
|
|
|a Project MUSE - Archive Philosophy and Religion Supplement VIII
|